Brahmananda Commentary on Hathapradipika Jyotsna (Record no. 11147)

MARC details
000 -LEADER
fixed length control field 00352nam a2200133Ia 4500
008 - FIXED-LENGTH DATA ELEMENTS--GENERAL INFORMATION
fixed length control field 220613s9999||||xx |||||||||||||| ||und||
100 ## - MAIN ENTRY--PERSONAL NAME
Author Name Bharma B R Maheshananda Swami
245 #0 - TITLE STATEMENT
Title Brahmananda Commentary on Hathapradipika Jyotsna
250 ## - EDITION STATEMENT
Edition 1st(2011) Rep 2012
260 ## - PUBLICATION, DISTRIBUTION, ETC. (IMPRINT)
Name of publisher Kaivalyadhama Lonavia
300 ## - PHYSICAL DESCRIPTION
Page No 482
650 ## - SUBJECT ADDED ENTRY--TOPICAL TERM
Subject Yoga
942 ## - ADDED ENTRY ELEMENTS (KOHA)
Koha item type GB
Holdings
Withdrawn status Lost status Source of classification or shelving scheme Damaged status Not for loan Home library Current library Date acquired Total Checkouts Barcode Date last seen Date checked out Koha item type
    Dewey Decimal Classification     SRHU Library System School of Yoga Sciences 25/05/2023 1 CL0018583 15/09/2023 25/05/2023 Yoga Science
Designed & Maintained by: SRHU Library System
Central Library, Contact: